midnight love - girl in red - Statistics

General Stats
  • This quiz has been taken 55 times
  • The average score is 160 of 193
Answer Stats
Answer % Correct
I
100%
i
100%
when
100%
be
97%
love
97%
midnight
97%
the
97%
you
97%
your
97%
can't
94%
don't
94%
go
94%
know
94%
my
94%
one
94%
so
94%
some
94%
to
94%
want
94%
else
90%
gold
90%
I'm
90%
is
90%
need
90%
oh
90%
silver
90%
but
87%
call
87%
not
87%
nowhere
87%
run
87%
that
87%
got
84%
in
84%
you're
84%
last
81%
this
81%
try
77%
blind
74%
close
74%
swear
74%
back
71%
mine
71%
always
68%
favorite
68%
for
68%
light
68%
more
68%
nothing
68%
second
68%
best
65%
from
65%
keep
65%
there's
65%
give
61%
it
61%
all
58%
say
58%
where
58%
before
55%
arrives
52%
day
52%
eyes
52%
going
52%
I'll
52%
right
52%
look
48%
time
48%
hope
45%
let
45%
prize
45%
willing
42%
able
39%
consolation
39%
die
39%
No matching quizzes found
Score Distribution
Percent of People with Each Score
Percentile by Number Answered
Your Score History
You have not taken this quiz